Introduction to Linear Algebra / (Record no. 182151)

000 -LEADER
fixed length control field 00998 a2200229 4500
003 - CONTROL NUMBER IDENTIFIER
control field Nust
005 - DATE AND TIME OF LATEST TRANSACTION
control field 20221111115049.0
010 ## - LIBRARY OF CONGRESS CONTROL NUMBER
LC control number 88015399
020 ## - INTERNATIONAL STANDARD BOOK NUMBER
International Standard Book Number 0201168332 :
040 ## - CATALOGING SOURCE
Transcribing agency Nust
082 00 - DEWEY DECIMAL CLASSIFICATION NUMBER
Classification number 512.5,JOH
100 1# - MAIN ENTRY--PERSONAL NAME
Personal name Johnson, Lee W.
9 (RLIN) 102570
245 10 - TITLE STATEMENT
Title Introduction to Linear Algebra /
Statement of responsibility, etc. Lee W. Johnson, R. Dean Riess & Jimmy T. Arnold
250 ## - EDITION STATEMENT
Edition statement 2nd ed. /
Remainder of edition statement Lee W. Johnson, R. Dean Riess, Jimmy T. Arnold.
260 ## - PUBLICATION, DISTRIBUTION, ETC.
Place of publication, distribution, etc. Reading, Mass. :
Name of publisher, distributor, etc. Addison-Wesley,
Date of publication, distribution, etc. c1989.
300 ## - PHYSICAL DESCRIPTION
Extent xi, 578 p. :
Other physical details col. ill. ;
Dimensions 24 cm.
505 ## - FORMATTED CONTENTS NOTE
Formatted contents note Matrices and Systems of Linear Equations (Page-1), The Vector Space R" (Page-109), The Eigenvalue Problem (Page-211), Vector Spaces and Linear Transformations (Page-287), Determinats (Page-379), Eigenvalues and Application (Page-413), Numerical Methods in Linear Algebra (Page-489).
650 #0 - SUBJECT ADDED ENTRY--TOPICAL TERM
Topical term or geographic name entry element Algebras, Linear.
9 (RLIN) 10720
700 1# - ADDED ENTRY--PERSONAL NAME
Personal name Arnold, Jimmy T.
Dates associated with a name 1941-
9 (RLIN) 102571
700 1# - ADDED ENTRY--PERSONAL NAME
Personal name Riess, R. Dean
Dates associated with a name 1940-
9 (RLIN) 102572
942 ## - ADDED ENTRY ELEMENTS (KOHA)
Source of classification or shelving scheme
Koha item type Book
Call number prefix 512.5,JOH
Holdings
Withdrawn status Lost status Source of classification or shelving scheme Damaged status Not for loan Permanent Location Current Location Shelving location Date acquired Full call number Barcode Date last seen Price effective from Koha item type Public note
          Military College of Signals (MCS) Military College of Signals (MCS) General Stacks 12/12/2016 512.5,JOH MCS7148 12/08/2016 12/12/2016 Book Almirah No.11, Shelf No.2
          Military College of Signals (MCS) Military College of Signals (MCS) General Stacks 12/12/2016 512.5,JOH MCS7189 12/08/2016 12/12/2016 Book Almirah No.11, Shelf No.2
© 2023 Central Library, National University of Sciences and Technology. All Rights Reserved.